Nationwide counters trend (Record no. 117794)
[ view plain ]
| 000 -LEADER | |
|---|---|
| fixed length control field | 01111cam a2200217 4500 |
| 001 - CONTROL NUMBER | |
| control field | WB@3612-448 |
| 008 - FIXED-LENGTH DATA ELEMENTS--GENERAL INFORMATION | |
| fixed length control field | 040729n2004 000 0 eng u |
| 035 ## - SYSTEM CONTROL NUMBER | |
| System control number | (Sirsi) u126973 |
| 245 ## - TITLE STATEMENT | |
| Title | Nationwide counters trend |
| 260 ## - PUBLICATION, DISTRIBUTION, ETC. | |
| Date of publication, distribution, etc. | 2004 |
| 490 ## - SERIES STATEMENT | |
| Series statement | Nationwide Press Release |
| Volume/sequential designation | 29 July 2004 (4) |
| 520 ## - SUMMARY, ETC. | |
| Summary, etc. | Contrary to other reports recently published, the latest "Nationwide monthly house price index" reports an acceleration in house prices again during July 2004, with prices rising 2.1%. This took the average price of a property up to £254 299. The regional growth pattern previously seen remains in place and London is also seeing an improved market with a modest resurgence in price growth. Concentrating on first-time buyers, many are now putting down deposits of at least £30 000. For the full report go to: http://www.nationwide.co.uk/hpi/Monthly.htm. |
| 590 ## - LOCAL NOTE (RLIN) | |
| Local note | WB |
| 590 ## - LOCAL NOTE (RLIN) | |
| Local note | WB |
| 650 ## - SUBJECT ADDED ENTRY--TOPICAL TERM | |
| Topical term or geographic name entry element | NATIONWIDE BUILDING SOCIETY |
| 650 ## - SUBJECT ADDED ENTRY--TOPICAL TERM | |
| Topical term or geographic name entry element | HOUSE PRICE SURVEYS |
| 650 ## - SUBJECT ADDED ENTRY--TOPICAL TERM | |
| Topical term or geographic name entry element | HOUSING MARKET SURVEYS |
| 650 ## - SUBJECT ADDED ENTRY--TOPICAL TERM | |
| Topical term or geographic name entry element | HOUSE PRICE INFLATION |
| 690 ## - LOCAL SUBJECT ADDED ENTRY--TOPICAL TERM (OCLC, RLIN) | |
| Topical term or geographic name as entry element | HOUSING-HOUSE PRICES |
| 942 ## - ADDED ENTRY ELEMENTS (KOHA) | |
| Suppress in OPAC | 0 |
| Withdrawn status | Lost status | Source of classification or shelving scheme | Damaged status | Not for loan | Home library | Current library | Shelving location | Date acquired | Total Checkouts | Full call number | Barcode | Date last seen | Copy number | Price effective from | Koha item type |
|---|---|---|---|---|---|---|---|---|---|---|---|---|---|---|---|
| Dewey Decimal Classification | London | London | News article | 29/07/2004 | WB4029-12 | 126973-1001 | 06/08/2019 | 1 | 06/08/2019 | News article |